[Event "Mitropa Cup 34th"]
[Site "Mayrhofen"]
[Date "2015.06.22"]
[Round "9.3"]
[White "Diermair, Andreas"]
[Black "Martinovic, Sasa"]
[Result "0-1"]
[WhiteElo "2494"]
[BlackElo "2542"]
[PlyCount "80"]
[EventDate "2015.06.14"]
[EventType "team"]
[EventRounds "9"]
[EventCountry "AUT"]
[WhiteTeam "Austria"]
[BlackTeam "Croatia"]
[WhiteTeamCountry "AUT"]
[BlackTeamCountry "CRO"]

1. d4 c5 2. d5 g6 3. e4 Bg7 4. Nf3 d6 5. Nc3 Nf6 6. Bb5+ Bd7 7. a4 Bxb5 8. axb5
Nbd7 9. O-O O-O 10. Re1 Ne8 11. Bg5 Nc7 12. Qe2 Nb6 13. Ra5 Qd7 14. Rea1 a6 15.
bxa6 Rxa6 16. Rxa6 bxa6 17. h3 Rb8 18. Bf4 Bxc3 19. bxc3 Qb5 20. Qd2 Qb2 21.
Re1 f6 22. Qd3 a5 23. Bh6 a4 24. e5 a3 25. exd6 exd6 26. Bc1 Qa2 27. Kh2 Ra8
28. Re7 Ncxd5 29. Rb7 Qc4 30. Qd2 Qa6 31. Rxh7 Kxh7 32. Qh6+ Kg8 33. Qxg6+ Kf8
34. Nh4 Ke7 35. c4 Qxc4 36. Nf5+ Kd7 37. Qf7+ Kc6 38. Qe6 Rd8 39. Bxa3 Qf4+ 40.
Kg1 Qe5 0-1

[Event "Mitropa Cup 34th"]
[Site "Mayrhofen"]
[Date "2015.06.22"]
[Round "9.4"]
[White "Jovanovic, Zoran"]
[Black "Schachinger, Mario"]
[Result "1-0"]
[WhiteElo "2520"]
[BlackElo "2416"]
[PlyCount "39"]
[EventDate "2015.06.14"]
[EventType "team"]
[EventRounds "9"]
[EventCountry "AUT"]
[WhiteTeam "Croatia"]
[BlackTeam "Austria"]
[WhiteTeamCountry "CRO"]
[BlackTeamCountry "AUT"]

1. e4 c5 2. Nc3 Nc6 3. Nf3 e6 4. Bb5 Nge7 5. O-O a6 6. Bxc6 Nxc6 7. d4 cxd4 8.
Nxd4 Qc7 9. Re1 d6 10. Bg5 f6 11. Be3 Ne5 12. f4 Nc4 13. Bf2 Nxb2 14. Qf3 Nc4
15. f5 Qf7 16. Qh3 Be7 17. fxe6 Qg6 18. Nd5 Bd8 19. Nf5 Bxe6 20. Nf4 1-0

[Event "Mitropa Cup 34th"]
[Site "Mayrhofen"]
[Date "2015.06.22"]
[Round "9.1"]
[White "Borisek, Jure"]
[Black "Babula, Vlastimil"]
[Result "1/2-1/2"]
[WhiteElo "2571"]
[BlackElo "2552"]
[PlyCount "60"]
[EventDate "2015.06.14"]
[EventType "team"]
[EventRounds "9"]
[EventCountry "AUT"]
[WhiteTeam "Slovenia"]
[BlackTeam "Czech Republic"]
[WhiteTeamCountry "SLO"]
[BlackTeamCountry "CZE"]

1. e4 e5 2. Nf3 Nc6 3. Bb5 Nf6 4. O-O Nxe4 5. Re1 Nd6 6. Nxe5 Be7 7. Bf1 Nxe5
8. Rxe5 O-O 9. d4 Bf6 10. Re1 Re8 11. Rxe8+ Nxe8 12. c3 d5 13. Bd3 c6 14. Bf4
g6 15. Nd2 Ng7 16. Qe2 Bf5 17. Bxf5 Nxf5 18. Nf3 Ng7 19. Re1 Ne6 20. Be5 Qe7
21. Bxf6 Qxf6 22. Qe5 Qxe5 23. Nxe5 Kg7 24. g3 Re8 25. Nd3 Nc7 26. Rxe8 Nxe8
27. Kg2 h5 28. h4 f6 29. f3 Nd6 30. g4 Kh6 1/2-1/2

[Event "Mitropa Cup 34th"]
[Site "Mayrhofen"]
[Date "2015.06.22"]
[Round "9.2"]
[White "Kriebel, Tadeas"]
[Black "Sebenik, Matej"]
[Result "1/2-1/2"]
[WhiteElo "2459"]
[BlackElo "2512"]
[PlyCount "66"]
[EventDate "2015.06.14"]
[EventType "team"]
[EventRounds "9"]
[EventCountry "AUT"]
[WhiteTeam "Czech Republic"]
[BlackTeam "Slovenia"]
[WhiteTeamCountry "CZE"]
[BlackTeamCountry "SLO"]

1. e4 c5 2. Nf3 Nc6 3. d4 cxd4 4. Nxd4 Nf6 5. Nc3 e5 6. Ndb5 d6 7. Bg5 a6 8.
Na3 b5 9. Nd5 Be7 10. Bxf6 Bxf6 11. c3 Bg5 12. Nc2 Rb8 13. a4 bxa4 14. Ncb4
Nxb4 15. cxb4 O-O 16. Rxa4 a5 17. h4 Bh6 18. b5 Bd7 19. Qb3 Kh8 20. Be2 Be6 21.
g3 f5 22. exf5 Rxf5 23. O-O e4 24. Rd1 Qg8 25. Bc4 Qf7 26. Nc3 Bxc4 27. Qxc4 d5
28. Nxd5 Rxf2 29. Qxe4 Rf8 30. Raa1 Rf3 31. Kg2 Rf2+ 32. Kg1 Rf3 33. Kg2 Rf2+
1/2-1/2

[Event "Mitropa Cup 34th"]
[Site "Mayrhofen"]
[Date "2015.06.22"]
[Round "9.3"]
[White "Markoja, Boris"]
[Black "Kociscak, Jiri"]
[Result "1-0"]
[WhiteElo "2372"]
[BlackElo "2474"]
[PlyCount "79"]
[EventDate "2015.06.14"]
[EventType "team"]
[EventRounds "9"]
[EventCountry "AUT"]
[WhiteTeam "Slovenia"]
[BlackTeam "Czech Republic"]
[WhiteTeamCountry "SLO"]
[BlackTeamCountry "CZE"]

1. d4 f5 2. Nc3 Nf6 3. Bg5 d5 4. f3 Nc6 5. Qd2 e6 6. a3 Be7 7. e3 O-O 8. Nh3 h6
9. Bxf6 Bxf6 10. O-O-O Na5 11. Nf4 c5 12. Nh5 Bg5 13. dxc5 b6 14. h4 Be7 15. b4
Nb7 16. c6 Nd6 17. Nf4 Rf7 18. Ncxd5 exd5 19. Qxd5 Qe8 20. Qe5 Rf6 21. Kb1 Qf7
22. Nd5 Re6 23. Qf4 Bf6 24. Nxf6+ Qxf6 25. Rd4 Kh7 26. Bd3 Re5 27. g4 Nf7 28.
Rg1 g6 29. gxf5 Bxf5 30. e4 g5 31. hxg5 hxg5 32. Qh2+ Kg7 33. exf5 a5 34. Rd7
Rae8 35. Qd2 Kf8 36. Bc4 R5e7 37. Be6 axb4 38. Qxb4 Ne5 39. Rxe7 Qxe7 40. c7
1-0

[Event "Mitropa Cup 34th"]
[Site "Mayrhofen"]
[Date "2015.06.22"]
[Round "9.4"]
[White "Konopka, Michal"]
[Black "Spalir, Jernej"]
[Result "0-1"]
[WhiteElo "2421"]
[BlackElo "2361"]
[PlyCount "62"]
[EventDate "2015.06.14"]
[EventType "team"]
[EventRounds "9"]
[EventCountry "AUT"]
[WhiteTeam "Czech Republic"]
[BlackTeam "Slovenia"]
[WhiteTeamCountry "CZE"]
[BlackTeamCountry "SLO"]

1. d4 d5 2. c4 c6 3. Nf3 Nf6 4. Nc3 dxc4 5. a4 Bf5 6. Ne5 e6 7. Nxc4 Bb4 8. e3
O-O 9. Be2 c5 10. O-O cxd4 11. exd4 Nc6 12. Be3 Nd5 13. Qb3 a5 14. Rad1 Rc8 15.
Bf3 Nce7 16. Nb5 Bg6 17. Bd2 Nc6 18. Rfe1 Qf6 19. Bc3 Qg5 20. Nbd6 Rc7 21. Ne4
Qe7 22. g3 Rd8 23. h4 h6 24. Rd2 Nf6 25. Bxb4 Nxb4 26. Nxf6+ Qxf6 27. Nxa5 Nc2
28. Red1 Nxd4 29. Rxd4 Rxd4 30. Rxd4 Qxd4 31. Nxb7 Rc1+ 0-1

[Event "Mitropacup (Women) 12th"]
[Site "Mayrhofen"]
[Date "2015.06.14"]
[Round "1.1"]
[White "Novosadova, Kristyna"]
[Black "Georgescu, Lena"]
[Result "1/2-1/2"]
[WhiteElo "2211"]
[BlackElo "2052"]
[PlyCount "95"]
[EventDate "2015.06.14"]
[EventType "team"]
[EventRounds "9"]
[EventCountry "AUT"]
[WhiteTeam "Czech Republic"]
[BlackTeam "Switzerland"]
[WhiteTeamCountry "CZE"]
[BlackTeamCountry "SUI"]

1. e4 c5 2. Nf3 d6 3. d4 cxd4 4. Nxd4 Nf6 5. Nc3 Nc6 6. Bg5 e6 7. Qd2 a6 8.
O-O-O Bd7 9. f3 h6 10. Be3 b5 11. Nxc6 Bxc6 12. Ne2 Bb7 13. Kb1 Qc7 14. h4 Nd7
15. Nf4 Ne5 16. Qf2 Rc8 17. Bd3 Nc4 18. Bc1 Qc5 19. Qxc5 Rxc5 20. b3 Ne5 21.
Be2 Be7 22. Bb2 O-O 23. g4 Rfc8 24. Rc1 g6 25. Nd3 Nxd3 26. Bxd3 Bf8 27. Bd4
R5c7 28. g5 h5 29. c4 bxc4 30. Bxc4 d5 31. exd5 exd5 32. Bd3 Rxc1+ 33. Rxc1
Rxc1+ 34. Kxc1 Bd6 35. Bf2 Kf8 36. Kb2 Ke7 37. Kc3 Ke6 38. b4 Be5+ 39. Kb3 Kd6
40. a4 Bh2 41. a5 Ke5 42. Ba7 Kf4 43. Bb8+ Ke3 44. Bxa6 Bxa6 45. Bxh2 Bb5 46.
Bg1+ Kxf3 47. Kc3 Ke4 48. Bd4 1/2-1/2

[Event "Mitropacup (Women) 12th"]
[Site "Mayrhofen"]
[Date "2015.06.14"]
[Round "1.2"]
[White "Heinatz, Maria"]
[Black "Fuskova, Martina"]
[Result "1/2-1/2"]
[WhiteElo "1958"]
[BlackElo "1969"]
[PlyCount "69"]
[EventDate "2015.06.14"]
[EventType "team"]
[EventRounds "9"]
[EventCountry "AUT"]
[WhiteTeam "Switzerland"]
[BlackTeam "Czech Republic"]
[WhiteTeamCountry "SUI"]
[BlackTeamCountry "CZE"]

1. e4 c5 2. Nf3 Nc6 3. Bb5 g6 4. Bxc6 dxc6 5. O-O Bg7 6. d3 Nf6 7. Nc3 O-O 8.
Be3 b6 9. h3 Qc7 10. Qd2 e5 11. Nh2 Be6 12. Bh6 Rad8 13. Bxg7 Kxg7 14. f4 exf4
15. Qxf4 Qxf4 16. Rxf4 Rfe8 17. Raf1 Nd7 18. Ng4 Re7 19. Ne3 Ne5 20. b3 Red7
21. Ne2 b5 22. h4 Rb7 23. h5 Rbb8 24. R4f2 Rb7 25. Rf4 Rbb8 26. Rh4 a5 27. h6+
Kg8 28. Rhf4 a4 29. R4f2 axb3 30. axb3 Ra8 31. Nf4 Bc8 32. Ne2 Be6 33. Nf4 Bc8
34. Ne2 Be6 35. Nf4 1/2-1/2

[Event "Mitropacup (Women) 12th"]
[Site "Mayrhofen"]
[Date "2015.06.14"]
[Round "1.2"]
[White "Hrescak, Ivana"]
[Black "Grgic, Neomi"]
[Result "1/2-1/2"]
[WhiteElo "2057"]
[BlackElo "2011"]
[PlyCount "72"]
[EventDate "2015.06.14"]
[EventType "team"]
[EventRounds "9"]
[EventCountry "AUT"]
[WhiteTeam "Slovenia"]
[BlackTeam "Croatia"]
[WhiteTeamCountry "SLO"]
[BlackTeamCountry "CRO"]

1. d4 Nf6 2. c4 e6 3. Nc3 Bb4 4. e3 O-O 5. Nge2 d5 6. a3 Be7 7. cxd5 Nxd5 8.
Bd2 c5 9. Qc2 cxd4 10. Nxd4 Bf6 11. Nxd5 Qxd5 12. Nb5 Na6 13. Bc3 Bxc3+ 14.
Nxc3 Qg5 15. h4 Qg4 16. Bd3 h6 17. f3 Qg3+ 18. Qf2 Qxf2+ 19. Kxf2 b6 20. Rhd1
Nc5 21. Bc2 e5 22. b4 Ne6 23. Nd5 Rd8 24. Be4 Rb8 25. Ne7+ Kf8 26. Nc6 Rxd1 27.
Rxd1 Rb7 28. Nxe5 Rc7 29. Rd2 f6 30. Nd3 Rc3 31. Nf4 Rxa3 32. Nxe6+ Bxe6 33.
Bd5 Bxd5 34. Rxd5 Ra2+ 35. Kg3 Ra4 36. Rd7 a6 1/2-1/2

[Event "Mitropacup (Women) 12th"]
[Site "Mayrhofen"]
[Date "2015.06.14"]
[Round "1.1"]
[White "Schnegg, Anna-Lena"]
[Black "Exler, Veronika"]
[Result "1/2-1/2"]
[WhiteElo "2054"]
[BlackElo "2193"]
[PlyCount "60"]
[EventDate "2015.06.14"]
[EventType "team"]
[EventRounds "9"]
[EventCountry "AUT"]
[WhiteTeam "Austria II"]
[BlackTeam "Austria I"]

1. e4 c6 2. c4 e5 3. d4 d6 4. Nc3 Nf6 5. Nf3 Bg4 6. Be2 Nbd7 7. O-O Be7 8. Be3
O-O 9. Nh4 Bxe2 10. Qxe2 g6 11. f4 exf4 12. Bxf4 Nh5 13. Nf5 Nxf4 14. Nxe7+
Qxe7 15. Rxf4 Rae8 16. Qf3 Qe6 17. b3 f5 18. exf5 Rxf5 19. Rxf5 Qxf5 20. Qxf5
gxf5 21. Rf1 Re3 22. Rf3 Rxf3 23. gxf3 Kf7 24. Kf2 Kg6 25. Ne2 Kg5 26. Kg3 Nf8
27. Nf4 Kf6 28. Kh4 Ng6+ 29. Nxg6 Kxg6 30. f4 Kh6 1/2-1/2

[Event "Mitropacup (Women) 12th"]
[Site "Mayrhofen"]
[Date "2015.06.14"]
[Round "1.2"]
[White "Newrkla, Katharina"]
[Black "Hapala, Elisabeth"]
[Result "1-0"]
[WhiteElo "2153"]
[BlackElo "2090"]
[PlyCount "81"]
[EventDate "2015.06.14"]
[EventType "team"]
[EventRounds "9"]
[EventCountry "AUT"]
[WhiteTeam "Austria I"]
[BlackTeam "Austria II"]

1. c4 e5 2. Nc3 Nf6 3. g3 d5 4. cxd5 Nxd5 5. Bg2 Nb6 6. Nf3 Nc6 7. O-O Be7 8.
a3 a5 9. d3 O-O 10. Be3 Be6 11. Rc1 f5 12. Nb5 Bf6 13. Qc2 Rf7 14. Nd2 Bd5 15.
Nxc7 Bxg2 16. Nxa8 Bxf1 17. Bxb6 Qxa8 18. Rxf1 Qe8 19. Nc4 Qe6 20. Nxa5 Nd4 21.
Bxd4 exd4 22. Rc1 h6 23. Qc8+ Qxc8 24. Rxc8+ Kh7 25. Rb8 Re7 26. Kf1 Re5 27. b4
b5 28. Nb3 Rd5 29. Nc5 f4 30. gxf4 Rf5 31. Rxb5 Rxf4 32. Ne4 Bd8 33. h3 Rf7 34.
a4 Rc7 35. a5 Rc1+ 36. Kg2 Ra1 37. Rd5 Be7 38. Rxd4 Ra4 39. Nc3 Rxb4 40. Rxb4
Bxb4 41. a6 1-0

[Event "Mitropacup (Women) 12th"]
[Site "Mayrhofen"]
[Date "2015.06.14"]
[Round "1.1"]
[White "Kochetkova, Julia"]
[Black "Vajda, Szidonia"]
[Result "1/2-1/2"]
[WhiteElo "2292"]
[BlackElo "2351"]
[PlyCount "61"]
[EventDate "2015.06.14"]
[EventType "team"]
[EventRounds "9"]
[EventCountry "AUT"]
[WhiteTeam "Slovakia"]
[BlackTeam "Hungary"]
[WhiteTeamCountry "SVK"]
[BlackTeamCountry "HUN"]

1. e4 c6 2. d4 d5 3. Nc3 dxe4 4. Nxe4 Bf5 5. Ng3 Bg6 6. h4 h6 7. Nf3 Nd7 8. h5
Bh7 9. Bd3 Bxd3 10. Qxd3 e6 11. Bd2 Ngf6 12. O-O-O Be7 13. Qe2 O-O 14. Rhe1 Rc8
15. Nf5 exf5 16. Qxe7 Ne4 17. Qxd8 Rcxd8 18. Bb4 Rfe8 19. Nh4 Nxf2 20. Rxe8+
Rxe8 21. Rf1 Ne4 22. Nxf5 Ndf6 23. a4 Re6 24. b3 Nd5 25. Bd2 Nxd2 26. Kxd2 Nf6
27. Re1 Ne4+ 28. Kd3 Nf2+ 29. Kd2 Ne4+ 30. Kd3 Nf2+ 31. Kd2 1/2-1/2

[Event "Mitropacup (Women) 12th"]
[Site "Mayrhofen"]
[Date "2015.06.14"]
[Round "1.2"]
[White "Gara, Ticia"]
[Black "Gazikova, Veronika"]
[Result "1-0"]
[WhiteElo "2333"]
[BlackElo "2287"]
[PlyCount "87"]
[EventDate "2015.06.14"]
[EventType "team"]
[EventRounds "9"]
[EventCountry "AUT"]
[WhiteTeam "Hungary"]
[BlackTeam "Slovakia"]
[WhiteTeamCountry "HUN"]
[BlackTeamCountry "SVK"]

1. e4 Nf6 2. e5 Nd5 3. d4 d6 4. Nf3 g6 5. Bc4 Nb6 6. Bb3 Bg7 7. Ng5 d5 8. f4 f6
9. Nf3 O-O 10. O-O Nc6 11. c3 Be6 12. a4 a5 13. Bc2 Qd7 14. Nbd2 Nb8 15. h3 Na6
16. exf6 exf6 17. Nh4 f5 18. Nhf3 c5 19. Ne5 Qc7 20. Ndf3 Rad8 21. Re1 Bc8 22.
Be3 c4 23. Bf2 Qd6 24. Qe2 Nc7 25. b3 cxb3 26. Bxb3 Ne6 27. Be3 Na8 28. c4 dxc4
29. Nxc4 Qa6 30. Qd2 Kh8 31. Rad1 Nc5 32. Ba2 Nxa4 33. Nce5 Qf6 34. Ng5 Rd7 35.
Qxa5 N8b6 36. Nxd7 Bxd7 37. d5 Ra8 38. Qb4 Nc3 39. Bd4 Nxa2 40. Qxb6 Qxb6 41.
Bxb6 Nc3 42. Rd2 Kg8 43. Re7 Bb5 44. Rxg7+ 1-0

[Event "Mitropacup (Women) 12th"]
[Site "Mayrhofen"]
[Date "2015.06.15"]
[Round "2.1"]
[White "Heinatz, Dr. Gundula"]
[Black "Gara, Ticia"]
[Result "0-1"]
[WhiteElo "2215"]
[BlackElo "2333"]
[PlyCount "144"]
[EventDate "2015.06.14"]
[EventType "team"]
[EventRounds "9"]
[EventCountry "AUT"]
[WhiteTeam "Switzerland"]
[BlackTeam "Hungary"]
[WhiteTeamCountry "SUI"]
[BlackTeamCountry "HUN"]

1. d4 Nf6 2. Nf3 g6 3. Bg5 Bg7 4. Nbd2 d5 5. e3 O-O 6. Bd3 Nbd7 7. O-O c5 8. c3
b6 9. Qe2 Bb7 10. Rad1 a6 11. Ne5 Nxe5 12. dxe5 Nd7 13. f4 f6 14. Bh4 fxe5 15.
f5 gxf5 16. Bxf5 Nf6 17. e4 Bc8 18. Nc4 Bxf5 19. Bxf6 exf6 20. Rxf5 d4 21. Ne3
Ra7 22. Rh5 Rd7 23. Nf5 dxc3 24. Rxd7 Qxd7 25. bxc3 Rd8 26. Ne3 Qd3 27. Qxd3
Rxd3 28. Nd5 Rd1+ 29. Kf2 Rd2+ 30. Kf1 b5 31. Ne7+ Kf7 32. Rxh7 Kxe7 33. Rxg7+
Ke6 34. h4 Rxa2 35. h5 Ra4 36. h6 Ra1+ 37. Kf2 Rh1 38. h7 a5 39. Ra7 a4 40. Rb7
a3 41. Rxb5 Rxh7 42. Rb6+ Kf7 43. Ra6 Rh1 44. Rxa3 Rc1 45. Ke2 Rc2+ 46. Kd3
Rxg2 47. Ra5 Rg3+ 48. Kd2 c4 49. Rc5 Rd3+ 50. Kc2 Rd6 51. Rxc4 Kg6 52. Rc5 Kg5
53. Rd5 Ra6 54. Kd3 Kf4 55. Rb5 Ra8 56. Rb6 Rd8+ 57. Kc4 Kxe4 58. Rxf6 Ke3 59.
Re6 e4 60. Rh6 Kf2 61. Kb5 e3 62. Rf6+ Ke2 63. Re6 Rb8+ 64. Kc5 Kd3 65. c4 e2
66. Kd5 Rd8+ 67. Kc6 Rd4 68. Rxe2 Kxe2 69. c5 Kd3 70. Kb7 Rb4+ 71. Kc7 Kc4 72.
c6 Kc5 0-1

[Event "Mitropacup (Women) 12th"]
[Site "Mayrhofen"]
[Date "2015.06.15"]
[Round "2.2"]
[White "Rudolf, Anna"]
[Black "Georgescu, Lena"]
[Result "1-0"]
[WhiteElo "2348"]
[BlackElo "2052"]
[PlyCount "119"]
[EventDate "2015.06.14"]
[EventType "team"]
[EventRounds "9"]
[EventCountry "AUT"]
[WhiteTeam "Hungary"]
[BlackTeam "Switzerland"]
[WhiteTeamCountry "HUN"]
[BlackTeamCountry "SUI"]

1. e4 c5 2. Nf3 d6 3. c3 Nf6 4. Be2 Nbd7 5. d3 g6 6. Nbd2 Bg7 7. d4 O-O 8. O-O
Qc7 9. Re1 b6 10. Bd3 e6 11. Qe2 Bb7 12. b3 Rfd8 13. Nf1 e5 14. Bb2 exd4 15.
cxd4 cxd4 16. Rac1 Qb8 17. Bxd4 Ne5 18. Bb1 Rc8 19. Rxc8+ Bxc8 20. Ne3 Bb7 21.
Nc4 Nxc4 22. Qxc4 d5 23. Qc3 Nxe4 24. Bxe4 Bxd4 25. Qxd4 dxe4 26. Ne5 Qd8 27.
Nd7 f5 28. Qc4+ Kh8 29. Qc3+ Kg8 30. Qc4+ Kh8 31. Qd4+ Kg8 32. Rd1 Qe7 33. Qc4+
Kh8 34. Qc3+ Qg7 35. Qc7 Ba6 36. Qc6 Rc8 37. Qe6 Qg8 38. Qe5+ Qg7 39. Qd6 Bd3
40. Ne5 Re8 41. f4 Qe7 42. Qd4 Qc5 43. Nxg6+ Kg8 44. Qxc5 bxc5 45. Ne5 Rd8 46.
Kf2 Rd4 47. Ke3 Bb5 48. Rxd4 cxd4+ 49. Kxd4 Kg7 50. g4 Kf6 51. g5+ Kg7 52. Nc4
Kg6 53. a4 Be8 54. Ne3 Bd7 55. Kd5 Kh5 56. Kd6 Bc8 57. b4 Kh4 58. b5 Kh3 59.
Kc7 Be6 60. a5 1-0

[Event "Mitropacup (Women) 12th"]
[Site "Mayrhofen"]
[Date "2015.06.15"]
[Round "2.1"]
[White "Hoolt, Sarah"]
[Black "Kochetkova, Julia"]
[Result "1/2-1/2"]
[WhiteElo "2283"]
[BlackElo "2292"]
[PlyCount "64"]
[EventDate "2015.06.14"]
[EventType "team"]
[EventRounds "9"]
[EventCountry "AUT"]
[WhiteTeam "Germany"]
[BlackTeam "Slovakia"]
[WhiteTeamCountry "GER"]
[BlackTeamCountry "SVK"]

1. e4 e5 2. Nf3 Nc6 3. Bc4 Nf6 4. d3 Be7 5. O-O O-O 6. h3 d6 7. c3 a6 8. Bb3
Na5 9. Bc2 c5 10. Be3 Nc6 11. d4 cxd4 12. cxd4 Bd7 13. d5 Nb4 14. Nc3 Nxc2 15.
Qxc2 Rc8 16. Qb3 b5 17. Nd2 Nh5 18. Ne2 Bg5 19. Rac1 Qe7 20. a3 h6 21. Kh2 Kh8
22. Nf3 Bxe3 23. Qxe3 Nf6 24. b4 Qd8 25. Ng3 Rxc1 26. Rxc1 Qb8 27. Nh4 Rc8 28.
f3 Rxc1 29. Qxc1 Qb6 30. Nhf5 Kh7 31. Qc3 g6 32. Qe3 Qxe3 1/2-1/2

[Event "Mitropacup (Women) 12th"]
[Site "Mayrhofen"]
[Date "2015.06.15"]
[Round "2.2"]
[White "Gazikova, Veronika"]
[Black "Fuchs, Judith"]
[Result "0-1"]
[WhiteElo "2287"]
[BlackElo "2286"]
[PlyCount "58"]
[EventDate "2015.06.14"]
[EventType "team"]
[EventRounds "9"]
[EventCountry "AUT"]
[WhiteTeam "Slovakia"]
[BlackTeam "Germany"]
[WhiteTeamCountry "SVK"]
[BlackTeamCountry "GER"]

1. e4 c5 2. Nc3 d6 3. f4 g6 4. Bb5+ Bd7 5. Bxd7+ Qxd7 6. Nf3 Bg7 7. O-O Nc6 8.
d3 e6 9. f5 gxf5 10. exf5 O-O-O 11. fxe6 fxe6 12. Bf4 Rf8 13. Bg3 Nge7 14. Ne4
Nf5 15. c3 Bh6 16. Qe2 Rhg8 17. a3 Nce7 18. b4 Nxg3 19. Nxg3 Nd5 20. c4 Nf4 21.
Qc2 Bg7 22. Rad1 h5 23. Rd2 h4 24. Nxh4 Bd4+ 25. Kh1 Qh7 26. Ngf5 exf5 27. Rxf4
Rg4 28. Rxd4 Qxh4 29. g3 Qh3 0-1

[Event "Mitropacup (Women) 12th"]
[Site "Mayrhofen"]
[Date "2015.06.15"]
[Round "2.1"]
[White "Unuk, Laura"]
[Black "Schnegg, Anna-Lena"]
[Result "1/2-1/2"]
[WhiteElo "2121"]
[BlackElo "2054"]
[PlyCount "124"]
[EventDate "2015.06.14"]
[EventType "team"]
[EventRounds "9"]
[EventCountry "AUT"]
[WhiteTeam "Slovenia"]
[BlackTeam "Austria II"]
[WhiteTeamCountry "SLO"]

1. d4 d5 2. c4 e6 3. Nf3 Nf6 4. g3 Bb4+ 5. Bd2 Be7 6. Bg2 Nbd7 7. O-O c6 8. Qc2
b6 9. Ne5 Bb7 10. Bf4 Rc8 11. cxd5 cxd5 12. Qa4 a6 13. Nc3 O-O 14. Rac1 b5 15.
Qb3 Nxe5 16. Bxe5 Nd7 17. Bf4 Nb6 18. Nb1 Qd7 19. Rcd1 Rc6 20. h4 Rfc8 21. h5
h6 22. e4 dxe4 23. Bxe4 Rc4 24. Qf3 Bxe4 25. Qxe4 Bf6 26. Be3 Qd5 27. Qg4 Kh8
28. Nc3 Qd8 29. Ne4 Nd5 30. Qe2 Be7 31. Qf3 Kg8 32. Nc5 Nxe3 33. fxe3 Qe8 34.
Nd3 Bf6 35. Rf2 Qc6 36. Qxc6 R8xc6 37. b3 Rc3 38. Kg2 a5 39. Kf3 Kf8 40. Nc5
Ke8 41. Ne4 Rc2 42. Nxf6+ gxf6 43. Rdd2 Rc1 44. Ke4 f5+ 45. Kf4 Ke7 46. d5 Rd6
47. dxe6 Rxd2 48. Rxd2 fxe6 49. Ke5 Rc5+ 50. Kf4 Kf6 51. g4 e5+ 52. Kf3 Kg5 53.
gxf5 Kxf5 54. e4+ Kg5 55. Rd5 Rc3+ 56. Ke2 Kf4 57. Rxb5 Rc2+ 58. Kd3 Rxa2 59.
Rb6 Rb2 60. Kc3 Rh2 61. Rxh6 Kxe4 62. Rh8 Kf5 1/2-1/2

[Event "Mitropacup (Women) 12th"]
[Site "Mayrhofen"]
[Date "2015.06.15"]
[Round "2.2"]
[White "Hapala, Elisabeth"]
[Black "Hrescak, Ivana"]
[Result "0-1"]
[WhiteElo "2090"]
[BlackElo "2057"]
[PlyCount "98"]
[EventDate "2015.06.14"]
[EventType "team"]
[EventRounds "9"]
[EventCountry "AUT"]
[WhiteTeam "Austria II"]
[BlackTeam "Slovenia"]
[BlackTeamCountry "SLO"]

1. e4 c5 2. Nf3 d6 3. d4 cxd4 4. Nxd4 Nf6 5. Nc3 g6 6. Be3 Bg7 7. f3 Nc6 8. Qd2
O-O 9. Bc4 Bd7 10. O-O-O Rb8 11. Bb3 Na5 12. Bh6 b5 13. Bxg7 Kxg7 14. Nd5 Nxd5
15. exd5 Qc7 16. h4 h6 17. h5 g5 18. f4 Nxb3+ 19. axb3 g4 20. Rhe1 Rfe8 21. f5
b4 22. Qf4 Qa5 23. Qxg4+ Kh7 24. Qe4 Kh8 25. Qf4 Kh7 26. Qe4 Kh8 27. Qf4 Kh7
28. f6 Qa1+ 29. Kd2 Qxb2 30. Rxe7 Rxe7 31. fxe7 Rg8 32. Qe4+ Kh8 33. Ke2 Qc3
34. Kf1 Qg3 35. Rd2 Qg5 36. Rf2 Qxh5 37. Rf6 Be8 38. Nf5 Qd1+ 39. Qe1 Bb5+ 40.
Kf2 Rxg2+ 41. Kxg2 Qxe1 42. Rxh6+ Kg8 43. Rxd6 Qf1+ 44. Kg3 Qxf5 45. Rd8+ Kg7
46. e8=Q Bxe8 47. Rxe8 Qxd5 48. Re2 Qd4 49. Kf3 f5 0-1

[Event "Mitropacup (Women) 12th"]
[Site "Mayrhofen"]
[Date "2015.06.15"]
[Round "2.1"]
[White "Novosadova, Kristyna"]
[Black "Deur Saric, Zrinka"]
[Result "1-0"]
[WhiteElo "2211"]
[BlackElo "2137"]
[PlyCount "69"]
[EventDate "2015.06.14"]
[EventType "team"]
[EventRounds "9"]
[EventCountry "AUT"]
[WhiteTeam "Czech Republic"]
[BlackTeam "Croatia"]
[WhiteTeamCountry "CZE"]
[BlackTeamCountry "CRO"]

1. e4 c5 2. Nf3 Nc6 3. d4 cxd4 4. Nxd4 g6 5. Nc3 Bg7 6. Be3 Nf6 7. Bc4 O-O 8.
Bb3 a5 9. O-O a4 10. Nxa4 Nxe4 11. c4 Nxd4 12. Bxd4 Ra6 13. Be3 d6 14. Re1 Bd7
15. Qc2 Bc6 16. Rad1 Qa5 17. f3 Bxa4 18. Bxa4 Nc3 19. bxc3 Qxa4 20. Qxa4 Rxa4
21. Bd4 e5 22. Bb6 Rxc4 23. Rxd6 Rxc3 24. Rd7 Ra8 25. Re2 Rc1+ 26. Kf2 Rb1 27.
Bc7 Rb5 28. a4 Rc5 29. Bb6 Rc4 30. a5 Rb4 31. Rxb7 Rb5 32. Rc2 Raxa5 33. Rc8+
Bf8 34. Rbb8 Rxb6 35. Rxf8+ 1-0

[Event "Mitropacup (Women) 12th"]
[Site "Mayrhofen"]
[Date "2015.06.15"]
[Round "2.2"]
[White "Grgic, Neomi"]
[Black "Fuskova, Martina"]
[Result "0-1"]
[WhiteElo "2011"]
[BlackElo "1969"]
[PlyCount "110"]
[EventDate "2015.06.14"]
[EventType "team"]
[EventRounds "9"]
[EventCountry "AUT"]
[WhiteTeam "Croatia"]
[BlackTeam "Czech Republic"]
[WhiteTeamCountry "CRO"]
[BlackTeamCountry "CZE"]

1. e4 c5 2. Nf3 Nc6 3. d4 cxd4 4. Nxd4 e5 5. Nb5 d6 6. c4 Be7 7. N1c3 a6 8. Na3
f5 9. exf5 Bxf5 10. Bd3 Be6 11. Nc2 Nf6 12. O-O O-O 13. Ne3 Rc8 14. Bd2 b5 15.
cxb5 axb5 16. Nxb5 d5 17. Bf5 Qd7 18. Bxe6+ Qxe6 19. Qb3 Rb8 20. Rfc1 Nd4 21.
Nc7 Nxb3 22. Nxe6 Nxc1 23. Nxf8 Ne2+ 24. Kf1 Nd4 25. Nxh7 Kxh7 26. b3 Bb4 27.
Bxb4 Rxb4 28. Rc1 Rb5 29. Rc3 Ra5 30. a4 Ne4 31. Rd3 Nc5 32. b4 Nxd3 33. bxa5
Nb4 34. Ke1 Ndc6 35. a6 d4 36. Nc4 Nxa6 37. Ke2 Kg6 38. Kf3 Nc5 39. a5 Kf5 40.
g4+ Kg5 41. Kg3 Ne4+ 42. Kf3 Nc3 43. a6 e4+ 44. Kg3 Ne2+ 45. Kg2 d3 46. f3 Kf4
47. fxe4 Kxe4 48. Kf2 Kd4 49. Nd2 Nf4 50. h4 Ne6 51. Nf3+ Ke4 52. g5 Kf4 53.
Nh2 Nc5 54. Nf3 Ne4+ 55. Kg2 d2 0-1

[Event "Mitropacup (Women) 12th"]
[Site "Mayrhofen"]
[Date "2015.06.16"]
[Round "3.1"]
[White "Deur Saric, Zrinka"]
[Black "Heinatz, Dr. Gundula"]
[Result "1-0"]
[WhiteElo "2137"]
[BlackElo "2215"]
[PlyCount "77"]
[EventDate "2015.06.14"]
[EventType "team"]
[EventRounds "9"]
[EventCountry "AUT"]
[WhiteTeam "Croatia"]
[BlackTeam "Switzerland"]
[WhiteTeamCountry "CRO"]
[BlackTeamCountry "SUI"]

1. e4 e6 2. d4 d5 3. Nc3 Nc6 4. e5 Nge7 5. Nf3 Nf5 6. h4 Bb4 7. h5 h6 8. a3
Bxc3+ 9. bxc3 b6 10. Bd3 Na5 11. g4 Ne7 12. g5 Qd7 13. gxh6 gxh6 14. Bf4 Bb7
15. Qc1 O-O-O 16. Bxh6 Nf5 17. Bg5 Qc6 18. Bxd8 Qxc3+ 19. Ke2 Rxd8 20. Qf4 Nc6
21. Bxf5 Ba6+ 22. Bd3 Qxc2+ 23. Qd2 Bxd3+ 24. Ke3 Ne7 25. Qxc2 Bxc2 26. Rac1
Be4 27. Rcd1 c5 28. dxc5 bxc5 29. Kf4 Nc6 30. Rde1 f6 31. Rxe4 dxe4 32. Kxe4
fxe5 33. h6 Kd7 34. Nxe5+ Nxe5 35. Rd1+ Ke7 36. Rxd8 Ng4 37. Rh8 Kf7 38. Rh7+
Kf6 39. f3 1-0